LIBRARY & INFORMATION CENTRE, KCAET, TAVANUR

ONLINE PUBLIC ACCESS CATALOGUE (OPAC)

Farm buildings / (Record no. 1766)

MARC details
000 -LEADER
fixed length control field 00426cam a2200169ua 4500
020 ## - INTERNATIONAL STANDARD BOOK NUMBER
ISBN 0-902-13273-3
041 ## - LANGUAGE CODE
Language code of text/sound track or separate title eng
082 ## - DEWEY DECIMAL CLASSIFICATION NUMBER
Classification number 690
Item number NOT/FA
100 ## - MAIN ENTRY--AUTHOR NAME
Personal name Noton, Nicholas.H .
245 ## - TITLE STATEMENT
Title Farm buildings /
250 ## - EDITION STATEMENT
Edition statement 1 /
260 ## - PUBLICATION, DISTRIBUTION, ETC. (IMPRINT)
Place of publication London :
Name of publisher Colage of estate management ,
Year of publication 1982.
300 ## - PHYSICAL DESCRIPTION
Number of Pages 359 :
Other physical details ` ; .
942 ## - ADDED ENTRY ELEMENTS (KOHA)
Koha item type Books
Holdings
Withdrawn status Lost status Damaged status Home library Current library Date acquired Full call number Accession Number Koha item type
      KAUAET KAUAET 27/03/1987 690 16236 Books
free website counter